Cincuenta pensadores contemporáneos esenciales : del estructuralismo al posthumanismo /

Estudio que reúne a diversos pensadores del siglo XX que han influido en la conformación del pensamiento occidental actual. De cada pensador, el autor presenta una interpretación global de su producción, un esbozo biográfico y una lista de sus principales obras y lo que se ha escrito acerca de ellos...

Descripció completa

Guardat en:
Dades bibliogràfiques
Autor principal: Lechte, John (autor)
Format: Llibre
Idioma:espanyol
Publicat: Madrid, España : Cátedra, 2010, c2010
Edició:5a edición
Col·lecció:(Teorema. Serie Mayor)
Matèries:
Etiquetes: Afegir etiqueta
Sense etiquetes, Sigues el primer a etiquetar aquest registre!

MARC

LEADER 00000nam^a2200000^a^4500
001 000315191
005 20250521000000.0
009 20260310113236.92
020 |a 978-84-376-2697-0 
037 |a Acervo ITESO - Biblioteca 
041 |a ESP 
082 |a 140. 92  |b LEC 
100 |a Lechte, John  |e (autor) 
240 1 1 |a [Cincuenta pensadores contemporáneos esenciales] 
245 1 0 |a Cincuenta pensadores contemporáneos esenciales :  |b del estructuralismo al posthumanismo /  |c J. Lechte ; tr. por Carmen García Trevijano. 
246 2 |a Título en la cubierta: 50 pensadores contemporáneos esenciales: del estructuralismo al posthumanismo 
250 |a 5a edición  |b actualizada 
264 4 |a Madrid, España :  |b Cátedra,  |c 2010, c2010 
300 |a 509 p. 
336 |a texto  |b txt  |2 rdacontenido 
337 |a sin mediación  |b n  |2 rdamedio 
338 |a volumen  |b nc  |2 rdasoporte 
440 1 |a (Teorema.  |p Serie Mayor) 
500 |a Traduccion de: Fifty Key Contemporary Thinkers 
520 |a Estudio que reúne a diversos pensadores del siglo XX que han influido en la conformación del pensamiento occidental actual. De cada pensador, el autor presenta una interpretación global de su producción, un esbozo biográfico y una lista de sus principales obras y lo que se ha escrito acerca de ellos. 
649 |a XX 
650 |a Filósofos -  |x Biografías 
650 |a Filósofos -  |x Bibliografías 
650 |a Estructuralismo -  |x Historia y Crítica 
650 |a Semiótica 
650 |a Lingüística 
650 |a Feminismo 
650 |a Fenomenología -  |x Historia y Crítica 
650 |a Marxismo -  |x Historia y Crítica 
650 |a Vitalismo -  |x Historia y Crítica 
650 |a Humanismo -  |x Historia y Crítica 
650 |a Modernidad y Posmodernidad -  |x Historia y Crítica 
650 |a Filosofía del Siglo XX -  |x Historia y Crítica 
910 |a Fondo General 
920 |a Impresos - Libros 
930 |a Colección General 
905 |a 101 
901 |a 0500202003  |b IT1  |c ACC  |i C128205  |u 20250521 
902 |a https://opac.biblio.iteso.mx/vufind/Record/000315191